Boxing Light-Middleweight Champions by Picture - Statistics

General Stats
  • This quiz has been taken 69 times
  • The average score is 29 of 99
Answer Stats
Picture Hint Answer % Correct
2011-2013 | 2016-2017 Canelo Álvarez
88%
2001-2003 | 2006-2007 Oscar De La Hoya
82%
2007 | 2012-2016 Floyd Mayweather Jr.
79%
1981 Sugar Ray Leonard
79%
1983-1984 Roberto Durán
76%
1982-1986 Thomas Hearns
76%
1976 José Durán
74%
2010-2012 | 2017 Miguel Cotto
74%
2000 Félix Trinidad
68%
2003-2004 Shane Mosley
62%
1988-1992 John David Jackson
59%
1987-1991 Julian Jackson
59%
1998-2000 | 2001-2002 Fernando Vargas
56%
2015-2017 Jermall Charlo
56%
2016-2018 | 2019-Present Jermell Charlo
56%
1984-1987 Mike McCallum
56%
2013 Ishe Smith
53%
2015-2016 Liam Smith
53%
2005-2006 Ricardo Mayorga
53%
2013-2015 Demetrius Andrade
50%
1996-1998 | 2001-2004 Winky Wright
50%
1995 Pernell Whitaker
47%
2009-2010 Sergio Martínez
47%
1981-1982 Wilfred Benítez
47%
1991-1992 Vinny Paz
44%
2018-2019 Jaime Munguía
41%
1989-1990 John Mugabi
41%
1992-1995 | 1995-1996 Julio César Vásquez
38%
1989 Darrin Van Horn
35%
1979-1981 Maurice Hope
35%
1965-1966 Nino Benvenuti
35%
1995-1996 Paul Jones
35%
1990-1993 | 1994 | 1995-1997 Terry Norris
32%
1979-1981 Ayub Kalule
29%
2019-2020 Julian Williams
29%
2008 Sergio Mora
29%
1997-1998 Yori Boy Campas
29%
1963-1965 | 1968 Alessandro Mazzinghi
26%
1984-1985 Carlos Santos
26%
2002-2005 | 2008-2009 Daniel Santos
26%
1986-1987 Duane Thomas
26%
2016-2018 | 2019-2021 Erislandy Lara
26%
1999-2001 | 2004-2005 Javier Castillejo
26%
1987-1988 Matthew Hilton
26%
2007-2008 | 2008-2009 Vernon Forrest
26%
2016-2019 | 2021-Present Brian Castaño
24%
1982-1983 Davey Moore
24%
1976-1977 Eckhard Dagge
24%
1987-1988 | 1989-1994 Gianfranco Rosi
24%
1998-2001 Harry Simon
24%
2017-2019 Jarrett Hurd
24%
1987 Lupe Aquino
24%
1984 Mark Medal
24%
1977-1979 Rocky Mattioli
24%
2018-2019 Tony Harrison
24%
2011-2013 Austin Trout
21%
1999-2000 David Reid
21%
1966-1968 Kim Ki-soo
21%
1971-1974 | 1975 Koichi Wajima
21%
1996-1999 Laurent Boudouani
21%
1989 René Jacquot
21%
1986-1987 Buster Drayton
18%
2003-2004 Travis Simms
18%
2003 Alejandro García
15%
2006-2008 | 2009-2010 Cory Spinks
15%
1975-1976 Elisha Obed
15%
2017-2018 Sadam Ali
15%
1970-1971 Carmelo Bossi
12%
2010-2013 | 2014-2015 Cornelius Bundrage
12%
1962-1963 Denny Moyer
12%
1969-1970 Freddie Little
12%
1991 Gilbert Delé
12%
2020 Jeison Rosario
12%
1997-1999 Keith Mullings
12%
1994-1995 Luis Santana
12%
1963 Ralph Dupas
12%
1997 Raúl Márquez
12%
1981-1982 Tadashi Mihara
12%
1993-1995 | 2004 | 2008 Verno Phillips
12%
1996 Bronco McKart
9%
2013-2014 Carlos Molina
9%
2004-2005 Kassim Ouma
9%
1976-1977 Miguel Ángel Castellini
9%
1974-1975 Oscar Albarado
9%
2019-2021 Patrick Teixeira
9%
2005-2006 Roman Karmazin
9%
2011-2013 Zaurbek Baysangurov
9%
1995 Carl Daniels
6%
1977-1978 Eddie Gazo
6%
2007-2008 Joachim Alcine
6%
1978-1979 Masashi Kudo
6%
1975 Miguel de Oliveira
6%
1995 Paul Vaden
6%
1988-1989 Robert Hines
6%
2002-2003 Santiago Samaniego
6%
1994-1995 Vincent Pettway
6%
2009-2010 Yuri Foreman
6%
2005-2011 Serhiy Dzyndzyruk
3%
1975-1976 Yuh Jae-doo
3%
No matching quizzes found
Score Distribution
Percent of People with Each Score
Percentile by Number Answered
Your Score History
You have not taken this quiz